Bordering Countries II Quiz Stats

 Plays Quiz Updated Feb 13, 2019

Score 0/30 Timer 08:00
0 Plays Today
Bordering Countries Country % Correct
Belize, Guatemala, United StatesMexico
94.5%
Norway, Sweden, RussiaFinland
88.5%
Andorra, France, Portugal, MoroccoSpain
86.6%
Bolivia, Brazil, Chile, Colombia, EcuadorPeru
84.1%
Egypt, Jordan, Lebanon, Palestine, SyriaIsrael
82.6%
Cambodia, China, Myanmar (Burma), Thailand, VietnamLaos
82.3%
Latvia, RussiaEstonia
82.3%
Austria, Germany, Poland, SlovakiaCzechia
80.4%
SenegalThe Gambia
78.4%
Iraq, Saudi ArabiaKuwait
78.2%
Laos, Thailand, VietnamCambodia
77.6%
East Timor, Malaysia, Papua New GuineaIndonesia
76.7%
Iran, Jordan, Kuwait, Saudi Arabia, Syria, TurkeyIraq
75.9%
FranceMonaco
74.9%
Brazil, Suriname, VenezuelaGuyana
73.2%
Bordering Countries Country % Correct
Colombia, PeruEcuador
73%
Costa Rica, HondurasNicaragua
72.1%
Armenia, Azerbaijan, Russia, TurkeyGeorgia
70.3%
India, Myanmar (Burma)Bangladesh
69.2%
Botswana, Mozambique, South Africa, ZambiaZimbabwe
68.4%
Algeria, Chad, Egypt, Niger, Sudan, TunisiaLibya
68%
Croatia, Montenegro, SerbiaBosnia and Herzegovina
67.1%
Guatemala, HondurasEl Salvador
64.2%
Greece, North Macedonia, Romania, Serbia, TurkeyBulgaria
63.3%
Eritrea, Ethiopia, SomaliaDjibouti
61.4%
China, Kazakhstan, Tajikistan, UzbekistanKyrgyzstan
59.6%
Dem. Rep. of Congo, Rwanda, TanzaniaBurundi
57.5%
Albania, North Macedonia, Montenegro, Serbia Kosovo
56.7%
Gambia, Guinea, Guinea-Bissau, Mali, MauritaniaSenegal
54.3%
Cameroon, GabonEquatorial Guinea
49.3%

You're not logged in!

Compare scores with friends on all Sporcle quizzes.
OR
Log In

Sporcle TV

Today on Sporcle TV


Watch our educational content, quiz creation guides, and fun videos on Sporcle TV.

Show Comments

Extras

Top Quizzes Today


Score Distribution

Your Account Isn't Verified!

In order to create a playlist on Sporcle, you need to verify the email address you used during registration. Go to your Sporcle Settings to finish the process.

Report this User

Report this user for behavior that violates our Community Guidelines.

Details: